000 00549nam a2200181Ia 4500
008 151202s9999||||xx |||||||||||||| ||und||
082 _bPNVM-75595
100 _alass small.
245 _aChristmas stories open the door to romance this christmas.
260 _b"SILHOUETTE, LONDON."
260 _c75595
300 _a380
600 _alass small.
630 _aChristmas stories open the door to romance this christmas.
700 _alass small.
730 _aChristmas stories open the door to romance this christmas.
942 _cBOOK
999 _c1342254
_d1342251